| 000 | 00985nam a22003137a 4500 | ||
|---|---|---|---|
| 001 | BR2012001620 | ||
| 003 | BR-BrBNA | ||
| 005 | 20230928103911.0 | ||
| 007 | ta | ||
| 008 | 230509b bl.||||| |||| 00| 0 por d | ||
| 040 |
_aBR-BrBNA _bpor _cBiblioteca Nacional de Agricultura |
||
| 041 | _a(Por) | ||
| 072 |
_aH20 _b3930 |
||
| 090 | _ 3930 BR2012001620 | ||
| 100 | 1 | _aOliveira, T.O. de | |
| 110 | 1 |
_aUniversidade Federal de Lavras, MG (Brasil) _0Tese (Mestrado) |
|
| 245 | 1 | _aIdentificação molecular e produção de pectinases por isolados de Cladosporium cladosporioides (Fres.)de Vries | |
| 260 | 3 |
_aLavras, MG (Brasil): _c2011. |
|
| 300 | _a135 p. | ||
| 500 | _aSummaries (Eng, Por); Several bibliography; 9 tables; 20 illus. | ||
| 650 | _aFUNGO PARA CONTROLE BIOLÓGICO | ||
| 650 | _aIDENTIFICAÇÃO | ||
| 650 | _aMARCADOR MOLECULAR | ||
| 650 | _aBIOLOGIA | ||
| 650 | _aPRODUÇÃO | ||
| 650 | _aENZIMA | ||
| 909 |
_a202309 _bLucia _c55 _dLucia Elande |
||
| 942 | _cBK | ||
| 999 |
_c77156 _d77156 |
||